| 000 | 00387nam a22001337a 4500 | ||
|---|---|---|---|
| 005 | 20260408113942.0 | ||
| 008 | 260408b |||||||| |||| 00| 0 eng d | ||
| 082 |
_a354.5491 _bDEM-G |
||
| 245 | _aDemands For Grants and Appropriations 2002-2003 | ||
| 260 |
_aPakistan _bGovernment of Pakistan Finance Division _c2003 |
||
| 300 | _axvii, 358 p. | ||
| 650 | _aAllied Material | ||
| 942 | _cBK | ||
| 999 |
_c47250 _d47250 |
||